Kontrola nákladov a kalkulácia zbierka príkladov : časť 2

Saved in:
Bibliographic Details
Main Author: Farkaš, Richard
Corporate Author: Vysoká škola ekonomická v Bratislave. Fakulta riadenia
Format: Book
Language:Slovak
Published: Bratislava Vysoká škola ekonomická 1989
Edition:1. vyd.
Subjects:
Tags: Add Tag
No Tags, Be the first to tag this record!

MARC

LEADER 00000nam a2200000 4500
001 c033405
005 20221215070751.9
041 0 |a slo 
044 |a SK 
245 1 0 |a Kontrola nákladov a kalkulácia  |b zbierka príkladov : časť 2  |c Richard Farkaš a kol. 
250 |a 1. vyd. 
264 1 |a Bratislava  |b Vysoká škola ekonomická  |c 1989 
300 |a 138 s. 
610 2 0 |a náklady 
610 2 0 |a kalkulácia 
610 2 0 |a kontrola 
100 1 |a Farkaš, Richard 
710 2 |a Vysoká škola ekonomická v Bratislave. Fakulta riadenia